[Event "I Torneo Tecnológico Bali"]
[Site "Benidorm ESP"]
[Date "2007.12.01"]
[Round "1.1"]
[White "Fenollar Jorda, Manuel"]
[Black "Maseda Iglesias, Luis"]
[Result "1-0"]
[WhiteElo "2261"]
[BlackElo "1976"]
[PlyCount "89"]
[EventDate "2007.12.01"]
[EventType "swiss"]
[EventRounds "8"]
[EventCountry "ESP"]
[Source "lmi"]
[SourceDate "2007.12.01"]

1. e4 e6 2. d4 d5 3. Nc3 Nf6 4. Bg5 Bb4 5. e5 h6 6. Be3 Ne4 7. Qg4 g6 8. a3
Bxc3+ 9. bxc3 Nxc3 10. Bd3 Nc6 11. Ne2 Nxe2 12. Qxe2 Qh4 13. Qd2 Bd7 14. Rb1
Nxd4 15. Rxb7 c5 16. Qc3 Rc8 17. O-O c4 18. Bxd4 cxd3 19. Qxd3 a6 20. Rfb1 Qe4
21. Qxe4 dxe4 22. c3 Bc6 23. Ra7 Bb5 24. Bc5 Rxc5 25. Ra8+ Ke7 26. Rxh8 Rxc3
27. Rxh6 Rc5 28. Re1 Rxe5 29. h4 Bc6 30. g4 Rc5 31. Kh2 e5 32. h5 Kf6 33. Rh8
Kg7 34. Rc8 Rc4 35. Rc7 a5 36. Kg3 a4 37. Rb1 Bb5 38. Rxc4 Bxc4 39. Rb4 Bb3 40.
Rxe4 f6 41. f4 exf4+ 42. Rxf4 f5 43. hxg6 fxg4 44. Rxg4 Bd1 45. Rd4 1-0

[Event "I Torneo Tecnológico Bali"]
[Site "Benidorm ESP"]
[Date "2007.12.01"]
[Round "1.2"]
[White "Cañizares Cuadra, Pedro"]
[Black "Jordan Martinez, David"]
[Result "1-0"]
[WhiteElo "1918"]
[BlackElo "2146"]
[PlyCount "155"]
[EventDate "2007.12.01"]
[EventType "swiss"]
[EventRounds "8"]
[EventCountry "ESP"]
[Source "lmi"]
[SourceDate "2007.12.01"]

1. d4 Nf6 2. c4 e6 3. Nc3 d5 4. Nf3 c6 5. e3 Nbd7 6. Bd3 dxc4 7. Bxc4 b5 8. Bd3
a6 9. O-O Bb7 10. e4 c5 11. d5 Qc7 12. dxe6 fxe6 13. Bc2 Bd6 14. Ng5 Nf8 15. f4
O-O-O 16. Qe2 h6 17. Nf3 Bxf4 18. e5 Bxf3 19. Qxf3 Bxe5 20. Qa8+ Kd7 21. Qxa6
b4 22. Nb5 Qc6 23. Rd1+ Nd5 24. Rxd5+ Qxd5 25. Be3 Ke7 26. Na7 Kf7 27. Nc6 Rd7
28. Bb3 Qe4 29. Bxc5 Bxb2 30. Qa8 Kf6 31. Rf1+ Kg5 32. Qb8 Kg6 33. Ne7+ Kh7 34.
Qxb4 Qe2 35. Ba4 Rd2 36. Bc6 g6 37. Bf3 Qd3 38. Be4 Qe2 39. Rf7+ Bg7 40. h3 h5
41. Kh2 Kh6 42. Rxg7 Kxg7 43. Bd4+ Rxd4 44. Qxd4+ Kh7 45. Bd3 Qxa2 46. Qf6 Rg8
47. Nxg8 Kxg8 48. Bxg6 Nxg6 49. Qxg6+ Kf8 50. Qxh5 Qc4 51. h4 e5 52. Qf3+ Ke7
53. Qg3 Kf7 54. h5 Qe6 55. Qf3+ Kg7 56. Qe4 Qf6 57. g4 Qg5 58. Kg3 Kg8 59. Kf3
Qf6+ 60. Qf5 Qc6+ 61. Kg3 Qc3+ 62. Qf3 Qd4 63. Qf2 Qd6 64. Kh4 Qe7+ 65. g5 Qb4+
66. Kg3 Qc3+ 67. Qf3 Qe1+ 68. Kg4 Qb4+ 69. Kh3 Qd4 70. h6 Qc4 71. g6 Qe6+ 72.
Qg4 Qc6 73. Kh4 Qh1+ 74. Kg5 Qc6 75. Qf5 Qc1+ 76. Kf6 Qc6+ 77. Qe6+ Qxe6+ 78.
Kxe6 1-0

[Event "I Torneo Tecnológico Bali"]
[Site "Benidorm ESP"]
[Date "2007.12.01"]
[Round "1.3"]
[White "Schmidt, Raul"]
[Black "Tonus, Alex"]
[Result "1-0"]
[WhiteElo "2145"]
[BlackElo "1905"]
[PlyCount "75"]
[EventDate "2007.12.01"]
[EventType "swiss"]
[EventRounds "8"]
[EventCountry "ESP"]
[Source "lmi"]
[SourceDate "2007.12.01"]

1. e4 e5 2. Nf3 Nf6 3. Nc3 Nc6 4. Bb5 Bb4 5. O-O O-O 6. d3 d6 7. Bg5 Ne7 8.
Bxf6 gxf6 9. d4 d5 10. Nxd5 Nxd5 11. exd5 Qxd5 12. c4 Qe6 13. a3 Be7 14. Re1
Kh8 15. Qd3 Rg8 16. dxe5 Qg4 17. g3 c6 18. Ba4 Qg7 19. Bc2 Bg4 20. Qe4 Rab8 21.
Rab1 Qh6 22. Nd4 Qh5 23. e6 fxe6 24. Nxe6 Bd6 25. Rbd1 Bf3 26. Qf5 Qxf5 27.
Bxf5 Bxd1 28. Rxd1 Rgd8 29. b4 Be7 30. Nxd8 Rxd8 31. Rxd8+ Bxd8 32. Bc8 b6 33.
Bd7 c5 34. b5 Bc7 35. f4 Kg7 36. Bf5 h6 37. Kg2 Bd6 38. Kf3 1-0

[Event "I Torneo Tecnológico Bali"]
[Site "Benidorm ESP"]
[Date "2007.12.01"]
[Round "1.4"]
[White "Peñarrubia Blasco, Jose Alfredo"]
[Black "Corbalan Gomez, Juan Jose"]
[Result "1-0"]
[WhiteElo "1893"]
[BlackElo "2144"]
[PlyCount "38"]
[EventDate "2007.12.01"]
[EventType "swiss"]
[EventRounds "8"]
[EventCountry "ESP"]
[Source "lmi"]
[SourceDate "2007.12.01"]

1. e4 c5 2. Nf3 e6 3. d4 cxd4 4. Nxd4 a6 5. Bd3 Qc7 6. Nc3 Nc6 7. Nxc6 dxc6 8.
O-O Nf6 9. f4 e5 10. Kh1 Bd6 11. f5 b5 12. a4 b4 13. Nb1 Bb7 14. Qf3 Bc5 15.
Qg3 h5 16. Qxg7 Rh7 17. Qg5 O-O-O 18. Qh4 Rg8 19. h3 Bd4 1-0

[Event "I Torneo Tecnológico Bali"]
[Site "Benidorm ESP"]
[Date "2007.12.01"]
[Round "1.6"]
[White "Palacios Perez, Jose Luis"]
[Black "Sahelices Casado, Roberto"]
[Result "1-0"]
[WhiteElo "1969"]
[BlackElo "2117"]
[PlyCount "116"]
[EventDate "2007.12.01"]
[EventType "swiss"]
[EventRounds "8"]
[EventCountry "ESP"]
[Source "lmi"]
[SourceDate "2007.12.01"]

1. e4 c5 2. Nf3 d6 3. d4 cxd4 4. Nxd4 Nf6 5. Nc3 a6 6. Bg5 e6 7. f4 Qc7 8. Bxf6
gxf6 9. Qd2 Nd7 10. Be2 h5 11. O-O-O b5 12. a3 Bb7 13. Kb1 O-O-O 14. f5 Re8 15.
Qe1 Kb8 16. Qh4 Nc5 17. Rhe1 Rc8 18. Bf3 Bg7 19. Re2 Qa5 20. Qg3 Bf8 21. fxe6
fxe6 22. e5 dxe5 23. Bxb7 Nxb7 24. Nxe6 Qb6 25. Nxf8 Rhxf8 26. Red2 Qe6 27. Qf3
Qg4 28. Qf1 Rc6 29. h3 Qg6 30. Nd5 Re6 31. a4 Qe8 32. axb5 Qxb5 33. Qf5 Qe8 34.
Rd3 Rd6 35. Qe4 f5 36. Qb4 e4 37. Rb3 Qd7 38. Rd4 Rd8 39. c4 h4 40. Qe1 Qg7 41.
Rd2 Rc8 42. Nb6 Rxd2 43. Qxd2 Rc6 44. Qf2 Qh7 45. Qd4 Qc7 46. Rb4 Rg6 47. Qh8+
Qd8 48. Qe5+ Ka7 49. Nd5 Nc5 50. Qxf5 Rc6 51. Qe5 Rd6 52. Qd4 Rc6 53. Qg7+ Qd7
54. Qh8 Rc8 55. Qh6 Rc6 56. Qh5 Re6 57. Qh8 Re8 58. Qf6 Re6 1-0

[Event "I Torneo Tecnológico Bali"]
[Site "Benidorm ESP"]
[Date "2007.12.01"]
[Round "1.7"]
[White "Molina Cabaleiro, Juan Jose"]
[Black "Blanco Gutierrez, Pedro"]
[Result "1-0"]
[WhiteElo "1840"]
[BlackElo "2115"]
[PlyCount "103"]
[EventDate "2007.12.01"]
[EventType "swiss"]
[EventRounds "8"]
[EventCountry "ESP"]
[Source "lmi"]
[SourceDate "2007.12.01"]

1. d4 Nf6 2. c4 e6 3. Nc3 d5 4. Nf3 Be7 5. Bg5 O-O 6. e3 Nbd7 7. Rc1 a6 8. cxd5
exd5 9. Bd3 c6 10. O-O Re8 11. Qc2 Nf8 12. Ne5 Ng4 13. Bxe7 Qxe7 14. Nf3 Ng6
15. Na4 Rb8 16. Nc5 Nf6 17. Rfe1 Bg4 18. Nd2 Nd7 19. Ndb3 Nxc5 20. Nxc5 Qg5 21.
f4 Qh6 22. Qf2 Nh4 23. e4 dxe4 24. Rxe4 Rxe4 25. Bxe4 Bf5 26. Re1 Bxe4 27. Rxe4
Ng6 28. f5 Nf8 29. Qe3 Qxe3+ 30. Rxe3 Rd8 31. Rd3 b6 32. Nxa6 c5 33. Nc7 cxd4
34. Nb5 Rd5 35. Nxd4 g6 36. fxg6 hxg6 37. Rd2 Ne6 38. Nf3 Ra5 39. a3 Ng5 40.
Nxg5 Rxg5 41. Kf2 Kf8 42. Rd3 Rb5 43. b4 Rf5+ 44. Ke3 Rf1 45. Kd4 Rf2 46. Kc4
Rxg2 47. Kb5 Rxh2 48. Kxb6 f5 49. b5 f4 50. Ka7 Rh5 51. b6 Ra5+ 52. Kb7 1-0

[Event "I Torneo Tecnológico Bali"]
[Site "Benidorm ESP"]
[Date "2007.12.01"]
[Round "1.8"]
[White "Orfali, Marcelo"]
[Black "Ruiz Alonso, Carlos"]
[Result "1/2-1/2"]
[WhiteElo "2097"]
[BlackElo "1697"]
[PlyCount "146"]
[EventDate "2007.12.01"]
[EventType "swiss"]
[EventRounds "8"]
[EventCountry "ESP"]
[Source "lmi"]
[SourceDate "2007.12.01"]

1. e4 d6 2. d4 Nf6 3. Nc3 g6 4. Bg5 h6 5. Be3 a6 6. f3 b5 7. Qd2 Nbd7 8. a4 b4
9. Nd1 Rb8 10. c3 c5 11. cxb4 Rxb4 12. dxc5 dxc5 13. e5 Nxe5 14. Qxd8+ Kxd8 15.
Bxc5 Rb8 16. Bd4 Nc6 17. Bc3 e5 18. Bc4 Ke8 19. Ne2 Bb4 20. O-O Kf8 21. Nf2
Bxc3 22. bxc3 Na5 23. Bd3 Kg7 24. f4 Re8 25. fxe5 Rxe5 26. Nd4 Rc5 27. Rfc1 Nb3
28. Nxb3 Rxb3 29. c4 Be6 30. Bf1 Nd7 31. a5 Rc6 32. Ne4 Rb4 33. Nd2 Rd6 34. Nf3
Bg4 35. Kf2 Bxf3 36. Kxf3 Rf6+ 37. Ke3 Rb3+ 38. Ke2 Ne5 39. h3 Nc6 40. Rd1 Rc3
41. Kd2 Rg3 42. Ke1 Rf4 43. Ra2 Nd4 44. Bd3 Rg5 45. Rf2 Re5+ 46. Kf1 Ne6 47.
Ra1 Rd4 48. Re2 Rc5 49. Re3 Nf4 50. Re4 Rxd3 51. Rxf4 Rc3 52. Ra4 Rc2 53. g4
Rc7 54. Kg1 g5 55. Rf5 Rb7 56. Ra1 Rxc4 57. Ra2 Rc6 58. Kg2 Rb3 59. Rd2 f6 60.
Rfd5 Kg6 61. Rd6 Rbc3 62. R2d5 Rc2+ 63. Kf1 Rc1+ 64. Ke2 h5 65. h4 Rxd6 66.
gxh5+ Kxh5 67. Rxd6 g4 68. Rxa6 Ra1 69. Rxf6 Rxa5 70. Kf2 Kxh4 71. Rh6+ Rh5 72.
Rxh5+ Kxh5 73. Kf1 Kh4 1/2-1/2

[Event "I Torneo Tecnológico Bali"]
[Site "Benidorm ESP"]
[Date "2007.12.01"]
[Round "1.9"]
[White "Aledo Lopez, Angel"]
[Black "Rodriguez Gonzalez, Alex"]
[Result "1/2-1/2"]
[WhiteElo "1100"]
[BlackElo "2088"]
[PlyCount "73"]
[EventDate "2007.12.01"]
[EventType "swiss"]
[EventRounds "8"]
[EventCountry "ESP"]
[Source "lmi"]
[SourceDate "2007.12.01"]

1. Nf3 d6 2. e4 Nf6 3. d3 g6 4. Nc3 Bg7 5. Be2 c5 6. Bg5 Nc6 7. Qd2 Be6 8. O-O
Nd4 9. Rab1 O-O 10. Rfe1 Qd7 11. e5 Nd5 12. Ne4 Nxf3+ 13. Bxf3 Bxe5 14. Bh6
Rfc8 15. Ng5 Bf4 16. Qe2 Bxg5 17. Bxg5 Nb4 18. a3 Nc6 19. Qe4 Rab8 20. Qh4 Rc7
21. c3 Ne5 22. Be2 b5 23. Rbd1 Bd5 24. d4 cxd4 25. Rxd4 Be6 26. Bd1 f6 27. Bc1
a5 28. f4 Nc6 29. Rd3 b4 30. Ba4 bxa3 31. bxa3 Bf5 32. Rde3 d5 33. Rxe7 Qxe7
34. Rxe7 Nxe7 35. Qxf6 Rb1 36. Kf2 Rxc1 37. Be8 1/2-1/2

[Event "I Torneo Tecnológico Bali"]
[Site "Benidorm ESP"]
[Date "2007.12.01"]
[Round "1.10"]
[White "O'Neill de Tyrone y Daneyko, Jose Antonio"]
[Black "Rodriguez Marcos, Jose Ramon"]
[Result "1/2-1/2"]
[WhiteElo "2045"]
[BlackElo "2001"]
[PlyCount "122"]
[EventDate "2007.12.01"]
[EventType "swiss"]
[EventRounds "8"]
[EventCountry "ESP"]
[Source "lmi"]
[SourceDate "2007.12.01"]

1. e4 c5 2. Nf3 d6 3. d4 cxd4 4. Nxd4 Nf6 5. Nc3 a6 6. f4 e6 7. Bd3 Qc7 8. O-O
b5 9. Qe2 Bb7 10. Bd2 Be7 11. e5 Nd5 12. Nxd5 Bxd5 13. exd6 Qxd6 14. a4 b4 15.
f5 e5 16. f6 Bxf6 17. Nf5 Qb6+ 18. Kh1 Nd7 19. a5 Qc5 20. Be4 O-O 21. Bxb4 Qxb4
22. Bxd5 Rab8 23. Rad1 e4 24. Nd6 Ne5 25. Nxe4 Be7 26. Qxa6 Rb5 27. c3 Rxa5 28.
Qe2 Qb8 29. b4 Ra3 30. b5 Kh8 31. c4 f5 32. Ng3 f4 33. Nh5 Re3 34. Qd2 Ng4 35.
h3 Nh6 36. Nxf4 Nf5 37. Ng6+ hxg6 38. Rxf5 Rxh3+ 39. gxh3 Rxf5 40. Bg2 Kh7 41.
Qe2 Bc5 42. Be4 Rg5 43. h4 Re5 44. Rf1 Qe8 45. Rf4 Kh8 46. Kg2 g5 47. Rg4 Qe7
48. Kh3 g6 49. hxg5 Rxg5 50. Rxg5 Qxg5 51. Bxg6 Kg7 52. Bc2 Qe3+ 53. Qxe3 Bxe3
54. Kg4 Kf6 55. Kf3 Bg1 56. Kf4 Ke6 57. Be4 Kd6 58. Bd5 Kc5 59. Ke5 Kb6 60. Kd6
Bc5+ 61. Ke6 Bg1 1/2-1/2

[Event "I Torneo Tecnológico Bali"]
[Site "Benidorm ESP"]
[Date "2007.12.01"]
[Round "1.12"]
[White "Frick, Christoph"]
[Black "Bendayan Claros, Aaron"]
[Result "0-1"]
[WhiteElo "2265"]
[BlackElo "1922"]
[PlyCount "88"]
[EventDate "2007.12.01"]
[EventType "swiss"]
[EventRounds "8"]
[EventCountry "ESP"]
[Source "lmi"]
[SourceDate "2007.12.01"]

1. e4 c6 2. d4 d5 3. e5 Bf5 4. Nd2 e6 5. Nb3 Nd7 6. Nf3 h5 7. Bd3 Bxd3 8. Qxd3
Nh6 9. Bg5 Be7 10. Qd2 Bxg5 11. Nxg5 Nf5 12. O-O Qc7 13. a4 Kf8 14. a5 Rh6 15.
f4 Kg8 16. Rf3 Rc8 17. Rh3 h4 18. c3 Rb8 19. Qe2 Rc8 20. Rd1 Nf8 21. Qd2 b6 22.
Rf1 c5 23. Ra1 Ng6 24. axb6 axb6 25. Nf3 c4 26. Nc1 Qb7 27. Ra3 Ra8 28. Ne2 b5
29. Qe1 Rxa3 30. bxa3 Qa6 31. Qc1 Nge7 32. Qb2 Qa4 33. Qc1 Qb3 34. Nd2 Qa2 35.
Kf2 Nc6 36. Ke1 Rg6 37. g3 Na5 38. Qb1 Qxa3 39. Kf2 Nb3 40. Nf3 Rg4 41. Kg2 b4
42. cxb4 c3 43. Nxc3 Nc1 44. Nxd5 Nd3 0-1

[Event "I Torneo Tecnológico Bali"]
[Site "Benidorm ESP"]
[Date "2007.12.02"]
[Round "2.1"]
[White "Cañizares Cuadra, Pedro"]
[Black "Fenollar Jorda, Manuel"]
[Result "0-1"]
[WhiteElo "1918"]
[BlackElo "2261"]
[PlyCount "128"]
[EventDate "2007.12.01"]
[EventType "swiss"]
[EventRounds "8"]
[EventCountry "ESP"]
[Source "lmi"]
[SourceDate "2007.12.01"]

1. Nf3 d5 2. d4 Nf6 3. c4 e6 4. Nc3 c6 5. e3 Nbd7 6. Bd3 dxc4 7. Bxc4 b5 8. Bd3
Bb7 9. a3 b4 10. Ne4 Nxe4 11. Bxe4 bxa3 12. bxa3 Bd6 13. Bd2 Rb8 14. O-O O-O
15. Qc2 Nf6 16. Bd3 c5 17. dxc5 Bxc5 18. e4 Rc8 19. Qb1 Qb6 20. Bb4 Rfd8 21. e5
Bxf2+ 22. Kh1 Qe3 23. exf6 Qxf3 24. Bxh7+ Kh8 25. fxg7+ Kxg7 26. Be4 Bxe4 27.
Qb2+ Bd4 28. Qxd4+ Rxd4 29. gxf3 Bd5 30. Kg2 Rg4+ 31. Kf2 Rh4 32. Bd6 Rc2+ 33.
Ke3 Rc3+ 34. Kd2 Rxf3 35. Rxf3 Bxf3 36. Rg1+ Kh7 37. Be5 Kh6 38. Rf1 Bh5 39.
Rg1 Re4 40. Re1 Ra4 41. Bb2 Bg6 42. Ke3 Kg5 43. Rg1+ Kh5 44. Re1 a6 45. Re2 Rh4
46. Bc3 Rh3+ 47. Kd4 Bf5 48. Bb4 f6 49. Kc5 e5 50. Kb6 e4 51. Bc5 Bh7 52. Kxa6
f5 53. Kb6 f4 54. Re1 Kg4 55. Rg1+ Kf5 56. a4 Rb3+ 57. Kc7 e3 58. Re1 Bg8 59.
a5 Bc4 60. Kc6 Ke4 61. Bd6 f3 62. Bg3 Kd4 63. Rd1+ Bd3 64. Ra1 f2 0-1

[Event "I Torneo Tecnológico Bali"]
[Site "Benidorm ESP"]
[Date "2007.12.02"]
[Round "2.2"]
[White "Contreras Poblete, Juan Antonio"]
[Black "Schmidt, Raul"]
[Result "1-0"]
[WhiteElo "1883"]
[BlackElo "2145"]
[PlyCount "81"]
[EventDate "2007.12.01"]
[EventType "swiss"]
[EventRounds "8"]
[EventCountry "ESP"]
[Source "lmi"]
[SourceDate "2007.12.01"]

1. d4 d5 2. Nf3 c6 3. Bf4 Nf6 4. e3 Nh5 5. Bd3 Nxf4 6. exf4 Qb6 7. Qc1 g6 8.
O-O Bg7 9. c4 dxc4 10. Bxc4 O-O 11. Re1 Bg4 12. Ne5 Bxe5 13. fxe5 Qxd4 14. Nd2
b5 15. Bb3 Na6 16. Re4 Qd7 17. h3 Be6 18. Bxe6 Qxe6 19. Nf3 Qd5 20. Rd4 Qe6 21.
a4 Nc7 22. Rh4 f6 23. Nd4 Qxe5 24. Nxc6 Qe6 25. Qc5 Rfe8 26. axb5 Qd6 27. Qc2
e5 28. Rha4 Qe6 29. Qc5 e4 30. Nxa7 Qf7 31. b6 Ne6 32. Qb5 Nd8 33. Nc6 Rxa4 34.
Rxa4 Nb7 35. Ra7 Qd7 36. Nd4 Qxb5 37. Nxb5 Rb8 38. Nc7 Nd6 39. Nd5 Ne8 40. Re7
f5 41. Rxe8+ 1-0

[Event "I Torneo Tecnológico Bali"]
[Site "Benidorm ESP"]
[Date "2007.12.02"]
[Round "2.7"]
[White "Rodriguez Marcos, Jose Ramon"]
[Black "Aledo Lopez, Angel"]
[Result "1-0"]
[WhiteElo "2001"]
[BlackElo "1100"]
[PlyCount "67"]
[EventDate "2007.12.01"]
[EventType "swiss"]
[EventRounds "8"]
[EventCountry "ESP"]
[Source "lmi"]
[SourceDate "2007.12.01"]

1. e4 d6 2. d4 Nf6 3. Nc3 g6 4. Be3 Bg7 5. f3 O-O 6. Qd2 Nc6 7. O-O-O a6 8.
Nge2 b5 9. Kb1 e5 10. d5 Na5 11. b3 Bd7 12. Nc1 Nb7 13. g4 b4 14. N3e2 a5 15.
h4 h5 16. Ng3 hxg4 17. h5 Nxh5 18. Qh2 f5 19. exf5 Nxg3 20. Qh7+ Kf7 21. fxg6+
Kf6 22. Qh4+ Kxg6 23. Bd3+ Kf7 24. Qxg3 Nc5 25. Bxc5 dxc5 26. Be4 Qg5 27. fxg4
Ra6 28. Nd3 c4 29. bxc4 Ke7 30. c5 Rf7 31. c6 Qxg4 32. Qe3 Bf5 33. Bf3 Qg6 34.
Nxe5 1-0

[Event "I Torneo Tecnológico Bali"]
[Site "Benidorm ESP"]
[Date "2007.12.02"]
[Round "2.8"]
[White "Jordan Martinez, David"]
[Black "Maseda Iglesias, Luis"]
[Result "1-0"]
[WhiteElo "2146"]
[BlackElo "1976"]
[PlyCount "145"]
[EventDate "2007.12.01"]
[EventType "swiss"]
[EventRounds "8"]
[EventCountry "ESP"]
[Source "lmi"]
[SourceDate "2007.12.01"]

1. e4 e6 2. d4 d5 3. Nd2 Nf6 4. e5 Nfd7 5. Bd3 c5 6. c3 Nc6 7. Ne2 cxd4 8. cxd4
Qb6 9. Nf3 Bb4+ 10. Bd2 f6 11. exf6 Nxf6 12. O-O O-O 13. Bxb4 Nxb4 14. a4 Bd7
15. a5 Qd6 16. Ne5 Nc6 17. f4 Rac8 18. Qb1 h6 19. a6 b6 20. Ra4 b5 21. Ra1 Be8
22. Rc1 Qb4 23. Kh1 Bd7 24. Bh7+ Nxh7 25. Nxd7 Rf7 26. Qg6 Nf6 27. Rxc6 Rxc6
28. Nxf6+ Kf8 29. Nh7+ Kg8 30. Nf6+ Kf8 31. Ng4 Qxb2 32. Rg1 Qxe2 33. Ne5 Rcc7
34. Qh7 Ke7 35. f5 Rxf5 36. Qxg7+ Kd6 37. Qh8 Rxe5 38. Qd8+ Rd7 39. Qf8+ Re7
40. Qd8+ Rd7 41. dxe5+ Qxe5 42. Qf8+ Re7 43. Rc1 Qg7 44. Qf4+ e5 45. Qb4+ Ke6
46. Rc6+ Kf7 47. Qxb5 Qg5 48. Qxd5+ Kg7 49. h3 Rf7 50. Rc4 h5 51. Re4 Rf6 52.
Qd7+ Rf7 53. Qd6 Rf6 54. Qb8 Rg6 55. Qxa7+ Kh6 56. Re2 Qc1+ 57. Qg1 Qxg1+ 58.
Kxg1 Rxa6 59. Rxe5 h4 60. Kf2 Rf6+ 61. Ke3 Rg6 62. Kf3 Rg3+ 63. Kf2 Rb3 64. Re4
Kg5 65. Rg4+ Kh5 66. Ke2 Rc3 67. Kd2 Ra3 68. Rg8 Ra6 69. Ke3 Ra2 70. Ke4 Rb2
71. Kf5 Rf2+ 72. Ke6 Rb2 73. Rg7 1-0

[Event "I Torneo Tecnológico Bali"]
[Site "Benidorm ESP"]
[Date "2007.12.03"]
[Round "3.2"]
[White "Molina Cabaleiro, Juan Jose"]
[Black "Contreras Poblete, Juan Antonio"]
[Result "1-0"]
[WhiteElo "1840"]
[BlackElo "1883"]
[PlyCount "70"]
[EventDate "2007.12.01"]
[EventType "swiss"]
[EventRounds "8"]
[EventCountry "ESP"]
[Source "lmi"]
[SourceDate "2007.12.01"]

1. d4 d5 2. c4 c6 3. Nf3 Nf6 4. Nc3 e6 5. Bg5 dxc4 6. e4 b5 7. e5 h6 8. Bh4 g5
9. Nxg5 hxg5 10. Bxg5 Nbd7 11. exf6 Bb7 12. g3 c5 13. d5 Qb6 14. Bg2 O-O-O 15.
O-O b4 16. Na4 Qb5 17. a3 Ne5 18. Qe2 Nd3 19. axb4 cxb4 20. b3 exd5 21. Rfd1
Bc6 22. Be3 Rd7 23. Bd4 Rc7 24. Qg4+ Kb8 25. Rxd3 cxd3 26. Be5 d2 27. Bxc7+
Kxc7 28. Qf4+ Bd6 29. Qxd2 Bb7 30. Re1 Kb8 31. h4 Ka8 32. Bf3 Rg8 33. Qd4 Rh8
34. h5 Kb8 35. Qg4 Ka8 1-0

[Event "I Torneo Tecnológico Bali"]
[Site "Benidorm ESP"]
[Date "2007.12.03"]
[Round "3.3"]
[White "O'Neill de Tyrone y Daneyko, Jose Antonio"]
[Black "Peñarrubia Blasco, Jose Alfredo"]
[Result "1/2-1/2"]
[WhiteElo "2045"]
[BlackElo "1893"]
[PlyCount "68"]
[EventDate "2007.12.01"]
[EventType "swiss"]
[EventRounds "8"]
[EventCountry "ESP"]
[Source "lmi"]
[SourceDate "2007.12.01"]

1. e4 c5 2. Nf3 d6 3. d4 cxd4 4. Nxd4 Nf6 5. Nc3 a6 6. f4 e5 7. Nf3 Qc7 8. Bd3
Nbd7 9. O-O g6 10. Qe1 Bg7 11. fxe5 dxe5 12. Qh4 O-O 13. Be3 Nc5 14. Rad1 b5
15. Ne1 b4 16. Nd5 Nxd5 17. exd5 Nxd3 18. Nxd3 a5 19. Nc5 Rd8 20. Rf2 Bf5 21.
g4 Bf8 22. gxf5 Bxc5 23. fxg6 hxg6 24. Bxc5 Qxc5 25. Qf6 Rd7 26. Qxe5 Rad8 27.
Qf6 Qc7 28. Rfd2 Re8 29. d6 Qc6 30. h3 Re3 31. Qh4 Qc5 32. Kg2 Qe5 33. Qg4 f5
34. Qc4+ Kg7 1/2-1/2

[Event "I Torneo Tecnológico Bali"]
[Site "Benidorm ESP"]
[Date "2007.12.03"]
[Round "3.6"]
[White "Garcia Domingo, Jose Antonio"]
[Black "Jordan Martinez, David"]
[Result "0-1"]
[WhiteElo "1987"]
[BlackElo "2146"]
[PlyCount "82"]
[EventDate "2007.12.01"]
[EventType "swiss"]
[EventRounds "8"]
[EventCountry "ESP"]
[Source "lmi"]
[SourceDate "2007.12.01"]

1. e4 c5 2. Nf3 d6 3. d4 cxd4 4. Nxd4 Nf6 5. Nc3 a6 6. f3 e5 7. Nb3 Be6 8. Be3
Be7 9. Qd2 O-O 10. O-O-O Nbd7 11. g4 b5 12. g5 b4 13. Ne2 Ne8 14. f4 a5 15. f5
Bc4 16. Ng3 Bxf1 17. Rhxf1 a4 18. Na1 a3 19. b3 Kh8 20. h4 Rc8 21. f6 gxf6 22.
Nf5 Rc3 23. Qg2 Rxe3 24. Nxe3 fxg5 25. Nd5 gxh4 26. Nxb4 Rg8 27. Qe2 Bg5+ 28.
Kb1 Nef6 29. Nd5 Nxd5 30. exd5 Qa5 31. c4 Nc5 32. Rxf7 Qc3 33. Rf2 e4 34. Qc2
Qe5 35. b4 Nd3 36. Re2 Bf6 37. Nb3 Rg3 38. Qxd3 Rxd3 39. Rxd3 exd3 40. Rxe5
dxe5 41. Nd2 h3 0-1

[Event "I Torneo Tecnológico Bali"]
[Site "Benidorm ESP"]
[Date "2007.12.03"]
[Round "3.7"]
[White "Schmidt, Raul"]
[Black "Cañizares Cuadra, Pedro"]
[Result "0-1"]
[WhiteElo "2145"]
[BlackElo "1918"]
[PlyCount "152"]
[EventDate "2007.12.01"]
[EventType "swiss"]
[EventRounds "8"]
[EventCountry "ESP"]
[Source "lmi"]
[SourceDate "2007.12.01"]

1. d4 Nf6 2. c4 e6 3. Nf3 b6 4. Nc3 Bb4 5. a3 Bxc3+ 6. bxc3 Bb7 7. e3 c5 8. Bd3
O-O 9. Qc2 Bxf3 10. gxf3 Nc6 11. O-O Rc8 12. Kh1 Na5 13. Rg1 Kh8 14. Qa4 Qc7
15. Bd2 cxd4 16. cxd4 Nxc4 17. Rac1 d5 18. e4 Qc6 19. Qd1 Qd7 20. Bg5 Nb2 21.
Qd2 Rxc1 22. Rxc1 Nxd3 23. Qxd3 Rc8 24. Rxc8+ Qxc8 25. Bxf6 gxf6 26. Qe3 Kg7
27. Kg2 Qd8 28. Qf4 h6 29. Qg3+ Kh7 30. exd5 Qxd5 31. Qc7 Kg7 32. Qxa7 Qxd4 33.
a4 Qd8 34. Qa6 f5 35. Qb5 Qd4 36. a5 bxa5 37. Qxa5 Qd5 38. Qc7 e5 39. Qe7 Kg6
40. Qe8 Qe6 41. Qd8 Kh5 42. Qc7 Kh4 43. Qd8+ f6 44. Qf8 h5 45. Qd8 Qf7 46. Qd3
Qg7+ 47. Kh1 Qg5 48. Qc3 Qh6 49. Qd3 Qf4 50. Qe3 Qxe3 51. fxe3 Kg5 52. Kg2 f4
53. e4 f5 54. exf5 Kxf5 55. Kf1 Ke6 56. Ke2 Kd5 57. Kd3 h4 58. Kc3 e4 59. Kd2
e3+ 60. Kd1 Kd4 61. Ke2 Kc3 62. Ke1 Kd3 63. h3 e2 64. Kf2 e1=Q+ 65. Kxe1 Ke3
66. Kd1 Kxf3 67. Kd2 Kf2 68. Kd3 f3 69. Ke4 Ke2 70. Kf5 Ke3 71. Ke6 Kd4 72. Kd7
f2 73. Ke6 f1=Q 74. Kd7 Qxh3+ 75. Kc7 Qg3+ 76. Kc6 h3 0-1

[Event "I Torneo Tecnológico Bali"]
[Site "Benidorm ESP"]
[Date "2007.12.03"]
[Round "3.8"]
[White "Orfali, Marcelo"]
[Black "Palacios Perez, Jose Luis"]
[Result "1/2-1/2"]
[WhiteElo "2097"]
[BlackElo "1969"]
[PlyCount "36"]
[EventDate "2007.12.01"]
[EventType "swiss"]
[EventRounds "8"]
[EventCountry "ESP"]
[Source "lmi"]
[SourceDate "2007.12.01"]

1. e4 g6 2. d4 Bg7 3. Nc3 c6 4. Nf3 d6 5. Be2 Nd7 6. O-O e5 7. dxe5 Nxe5 8. Bf4
Bg4 9. Qd2 Bxf3 10. gxf3 Qd7 11. Be3 Qh3 12. Qxd6 Rd8 13. Qc7 Rc8 14. Qxb7
Nxf3+ 15. Bxf3 Be5 16. Rfd1 Bxh2+ 17. Kh1 Be5+ 18. Kg1 Bh2+ 1/2-1/2

[Event "I Torneo Tecnológico Bali"]
[Site "Benidorm ESP"]
[Date "2007.12.04"]
[Round "4.3"]
[White "Rodriguez Marcos, Jose Ramon"]
[Black "Pardo Simon, David"]
[Result "1/2-1/2"]
[WhiteElo "2001"]
[BlackElo "2173"]
[PlyCount "110"]
[EventDate "2007.12.01"]
[EventType "swiss"]
[EventRounds "8"]
[EventCountry "ESP"]
[Source "lmi"]
[SourceDate "2007.12.01"]

1. e4 e5 2. Nf3 Nc6 3. Bb5 a6 4. Bxc6 dxc6 5. O-O Bg4 6. h3 h5 7. d3 Qf6 8.
Nbd2 Ne7 9. Re1 Ng6 10. d4 Bd6 11. Kf1 exd4 12. e5 Bxe5 13. Ne4 Qf5 14. Qd3
Bxf3 15. Nd6+ cxd6 16. Qxf5 Bxg2+ 17. Kg1 Bd5 18. Bg5 O-O 19. f4 Be6 20. Qe4
Bd5 21. Qf5 Be6 22. Qe4 d5 23. Qf3 f6 24. Bh6 gxh6 25. fxe5 fxe5 26. Qxh5 Kh7
27. Rf1 Rg8 28. Kh1 Raf8 29. a4 e4 30. b4 e3 31. Kh2 Bd7 32. b5 cxb5 33. Qxd5
Bc6 34. Rf7+ Rxf7 35. Qxf7+ Rg7 36. Qf5 bxa4 37. Rg1 a3 38. Qf6 e2 39. h4 h5
40. Qf5 a2 41. Qxh5+ Kg8 42. Qxe2 Nf4 43. Qc4+ Bd5 44. Rxg7+ Kxg7 45. Qxd4+ Kh7
46. Qb2 Nh5 47. Qe5 Ng7 48. Kg3 Ne6 49. Kf2 Nf4 50. Ke3 Ng2+ 51. Kd2 Nxh4 52.
Kc1 Ng6 53. Qf6 Bc4 54. Kb2 b5 55. Qxa6 Kg7 1/2-1/2